01754pam a2200349 a 45000010008000000030004000080050017000120080041000290100017000700200036000870200036001230400018001590820018001772450072001952600056002673000035003234400045003585000186004035040051005895300170006406500025008106500033008356510049008687000029009177000021009467100056009677100077010238560095011008560075011958560087012708560047013572961648OSt20240530110936.0910925s1992 caua b s101 0 eng  a 91037737  a0520075986 (cloth : alk. paper) a0520075994 (paper : alk. paper) aDLCcDLCdDLC00220a\306bM T00aTheory of culture /cedited by Richard Münch and Neil J. Smelser. aBerkeley :bUniversity of California Press,cc1992. axiii, 410 p. :bill. ;c24 cm. 0aNew directions in cultural analysis ;v2 aBased on papers from a conference held July 23-25, 1988 in Bremen, sponsored by the Theory Sections of the American Sociological Association and the German Sociological Association. aIncludes bibliographical references and index. aA digital reproduction is available from E-Editions, a collaboration of the University of California Press and the California Digital Library's eScholarship program. 0aCulturexCongresses. 0aCultural policyxCongresses. 0aGermany (West)xCultural policyxCongresses.1 aMünch, Richard,d1945-1 aSmelser, Neil J.2 aAmerican Sociological Association.bTheory Section.2 aDeutsche Gesellschaft für Soziologie.bSektion Soziologische Theorien.423Contributor biographical informationuhttp://www.loc.gov/catdir/bios/ucal051/91037737.html413Table of contentsuhttp://www.loc.gov/catdir/toc/ucal041/91037737.html423Publisher descriptionuhttp://www.loc.gov/catdir/description/ucal041/91037737.html41uhttp://ark.cdlib.org/ark:/13030/ft8q2nb667